| 000 | 00461nam a2200169 a 4500 | ||
|---|---|---|---|
| 001 | 0673 | ||
| 005 | 20140414132036.0 | ||
| 008 | 040915s19uu xx 00 eng d | ||
| 020 | _a1-877-02906-8 | ||
| 050 |
_aTR _bM71 2002 |
||
| 245 |
_aA Traditional tale: Mogari / _cillustrated by John Locke. |
||
| 260 |
_aAustralia : _bPennon Publishing, _c2002. |
||
| 300 | _a1 v.p. : ill. ; cm. | ||
| 650 | _aFolktale. | ||
| 650 | _aChildren stories. | ||
| 999 |
_c113726 _d113726 |
||